书目信息 |
| 题名: |
太空中的3D打印
|
|
| 作者: | 李韵 , 李小军 , 沈大海 编著 | |
| 分册: | ||
| 出版信息: | 北京 化学工业出版社 2025.07 |
|
| 页数: | 12, 156页 | |
| 开本: | 24cm | |
| 丛书名: | ||
| 单 册: | ||
| 中图分类: | V476.1 , TB4 | |
| 科图分类: | ||
| 主题词: | 星际站--xing ji zhan--快速成型技术--英文 | |
| 电子资源: | ||
| ISBN: | 978-7-122-46661-7 | |
| 000 | 01309nam0 2200289 450 | |
| 001 | 95862 | |
| 005 | 20250903162018.06 | |
| 010 | @a978-7-122-46661-7@dCNY68.00 | |
| 100 | @a20250623d2025 em y0chiy50 ea | |
| 101 | 0 | @aeng |
| 102 | @aCN@b110000 | |
| 105 | @aa a 000yy | |
| 106 | @ar | |
| 200 | 1 | @a太空中的3D打印@Atai kong zhong de 3D da yin@d= 3D printing in space@f李韵, 李小军, 沈大海编著@zeng |
| 210 | @a北京@c化学工业出版社@d2025.07 | |
| 215 | @a12, 156页@c图 (部分彩图)@d24cm | |
| 320 | @a有书目 (第155-156页) | |
| 330 | @a本书包括四部分、八个章节的内容。其中, 第一部分主要介绍3D打印的概念和目前主要的3D打印技术, 阐述了为什么要在太空中发展3D打印技术、与地面的区别以及所面临的挑战, 并介绍了目前主流的3D打印技术 ; 第二部分主要介绍了在轨3D打印的技术现状和一些应用实例 ; 第三部分主要介绍太空中的3D打印所使用的新材料和新技术的应用情况 ; 第四部分则描述了未来太空中3D打印的发展展望, 以及3D打印对未来星际旅行中航天员生存、医疗和飞行任务等物资的自我补给的技术构想。 | |
| 510 | 1 | @a3D printing in space@zeng |
| 606 | 0 | @a星际站@Axing ji zhan@x快速成型技术@x英文 |
| 690 | @aV476.1@v5 | |
| 690 | @aTB4@v5 | |
| 701 | 0 | @a李韵@Ali yun@4编著 |
| 701 | 0 | @a李小军@Ali xiao jun@4编著 |
| 701 | 0 | @a沈大海@Ashen da hai@4编著 |
| 801 | 0 | @aCN@c20250909 |
| 905 | @a河南城建学院图书馆@dV476.1@eL325@f1 | |
| 太空中的3D打印= 3D printing in space/李韵, 李小军, 沈大海编著.-北京:化学工业出版社,2025.07 |
| 12, 156页:图 (部分彩图);24cm |
| ISBN 978-7-122-46661-7:CNY68.00 |
| 本书包括四部分、八个章节的内容。其中, 第一部分主要介绍3D打印的概念和目前主要的3D打印技术, 阐述了为什么要在太空中发展3D打印技术、与地面的区别以及所面临的挑战, 并介绍了目前主流的3D打印技术 ; 第二部分主要介绍了在轨3D打印的技术现状和一些应用实例 ; 第三部分主要介绍太空中的3D打印所使用的新材料和新技术的应用情况 ; 第四部分则描述了未来太空中3D打印的发展展望, 以及3D打印对未来星际旅行中航天员生存、医疗和飞行任务等物资的自我补给的技术构想。 |
| ● |
| 相关链接 |
|
|
|
正题名:太空中的3D打印
索取号:V476.1/L325
 
预约/预借
| 序号 | 登录号 | 条形码 | 馆藏地/架位号 | 状态 | 备注 |
| 1 | 1629993 | 216299930 | 自科库501/501自科库 90排1列5层/ [索取号:V476.1/L325] | 在馆 |